[Event "HUN-ch Rapid 2019"]
[Site "Ajka"]
[Date "2019.07.19"]
[Round "1.18"]
[White "Jakab, Attila"]
[Black "Ongut, Tamas Gunes"]
[Result "1-0"]
[WhiteElo "2377"]
[BlackElo "2158"]
[Annotator "ChessBase"]
[PlyCount "116"]
[EventDate "2019.07.18"]
[EventType "swiss"]
[EventCountry "HUN"]
[SourceTitle "playchess.com"]
[Source "ChessBase"]
[SourceQuality "1"]
[TimeControl "1200+5"]

1. d4 {[%emt 0:00:06]} Nf6 {[%emt 0:00:04]} 2. c4 {[%emt 0:00:05]} g6 {[%emt 0:00:05]} 3. Nc3 {[%emt 0:00:03]} Bg7 {[%emt 0:00:03]} 4. e4 {[%emt 0:00:02]} d6 {[%emt 0:00:02]} 5. Nge2 {[%emt 0:00:02]} O-O {[%emt 0:00:44]} 6. Ng3 {[%emt 0:00:02]} e5 {[%emt 0:00:03]} 7. d5 {[%emt 0:00:02]} a5 {[%emt 0:00:04]} 8. Be2 {[%emt 0:00:03]} Na6 {[%emt 0:00:17]} 9. h4 {[%emt 0:00:02]} h5 {[%emt 0:00:04]} 10. Bg5 {[%emt 0:00:03]} Qe8 {[%emt 0:00:02]} 11. Qd2 {[%emt 0:00:02]} Nc5 {[%emt 0:00:48]} 12. O-O-O {[%emt 0:00:10]} a4 {[%emt 0:01:55]} 13. Rdg1 {[%emt 0:01:18]} Kh7 {[%emt 0:01:07]} 14. Bd1 {[%emt 0:00:23]} Bd7 {[%emt 0:01:26]} 15. Bc2 {[%emt 0:00:29]} Ng8 {[%emt 0:00:27]} 16. Be3 {[%emt 0:00:17]} b6 {[%emt 0:00:13]} 17. Nf1 {[%emt 0:00:42]} Nh6 {[%emt 0:00:19]} 18. f3 {[%emt 0:00:14]} a3 {[%emt 0:02:20]} 19. b3 {[%emt 0:00:11]} Qc8 {[%emt 0:01:09]} 20. g4 {[%emt 0:01:03]} hxg4 {[%emt 0:00:01]} 21. fxg4 {[%emt 0:02:12]} Nxg4 {[%emt 0:01:52]} 22. h5 {[%emt 0:00:08]} g5 {[%emt 0:00:02]} 23. Bxg5 {[%emt 0:00:12]} Nh6 {[%emt 0:01:18]} 24. Nh2 {[%emt 0:01:21]} b5 {[%emt 0:00:44]} 25. Be3 {[%emt 0:01:04]} Rg8 {[%emt 0:00:23]} 26. cxb5 {[%emt 0:01:43]} Qf8 {[%emt 0:00:30]} 27. Bd1 {[%emt 0:01:38]} f5 {[%emt 0:00:12]} 28. exf5 {[%emt 0:00:11]} Bxf5 {[%emt 0:00:05]} 29. Bc2 {[%emt 0:00:08]} e4 {[%emt 0:01:00]} 30. Rg6 {[%emt 0:00:56]} Bxc3 {[%emt 0:00:51]} 31. Qxc3 {[%emt 0:00:13]} Bxg6 {[%emt 0:00:03]} 32. hxg6+ {[%emt 0:00:02]} Rxg6 {[%emt 0:00:01]} 33. Ng4 {[%emt 0:02:16]} Qf3 {[%emt 0:00:45]} 34. Rh4 {[%emt 0:01:54]} Qf1+ {[%emt 0:01:05]} 35. Bd1 {[%emt 0:00:01]} Nd3+ {[%emt 0:01:03]} 36. Kc2 {[%emt 0:00:01]} Qg2+ {[%emt 0:00:11]} 37. Qd2 {[%emt 0:00:33]} Qg3 {[%emt 0:01:20]} 38. Rxh6+ {[%emt 0:00:16]} Rxh6 {[%emt 0:00:01]} 39. Nxh6 {[%emt 0:00:03]} Rf8 {[%emt 0:00:04]} 40. Ng4 {[%emt 0:00:12]} Ne1+ {[%emt 0:00:18]} 41. Kc3 {[%emt 0:00:07]} Nf3 {[%emt 0:00:02]} 42. Bxf3 {[%emt 0:00:30]} Rxf3 {[%emt 0:00:02]} 43. Kb4 {[%emt 0:00:51]} Qxg4 {[%emt 0:00:02]} 44. Qc1 {[%emt 0:00:03]} Rf7 {[%emt 0:00:16]} 45. Qh1+ {[%emt 0:00:05]} Kg8 {[%emt 0:00:06]} 46. Bd4 {[%emt 0:00:03]} Rh7 {[%emt 0:00:05]} 47. Qa1 {[%emt 0:00:35]} e3 {[%emt 0:00:08]} 48. Kxa3 {[%emt 0:00:01]} e2 {[%emt 0:00:04]} 49. Bf2 {[%emt 0:00:18]} Re7 {[%emt 0:00:04]} 50. Qc3 {[%emt 0:00:24]} Qg7 {[%emt 0:00:11]} 51. Qd2 {[%emt 0:00:08]} c5 {[%emt 0:00:02]} 52. bxc6 {[%emt 0:00:01]} Qe5 {[%emt 0:00:07]} 53. b4 {[%emt 0:00:11]} e1=Q {[%emt 0:00:03]} 54. Bxe1 {[%emt 0:00:02]} Qxe1 {[%emt 0:00:01]} 55. Qxe1 Rxe1 {[%emt 0:00:02]} 56. b5 {[%emt 0:00:07]} Rc1 {[%emt 0:00:18]} 57. b6 {[%emt 0:00:02]} Rc5 {[%emt 0:00:02]} 58. b7 {[%emt 0:00:03]} Rxd5 {[%emt 0:00:02]} 1-0

[Event "HUN-ch Rapid 2019"]
[Site "Ajka"]
[Date "2019.07.19"]
[Round "1.19"]
[White "Erseki, Tamara"]
[Black "Popovics, Adam"]
[Result "0-1"]
[WhiteElo "2053"]
[BlackElo "2365"]
[Annotator "ChessBase"]
[PlyCount "72"]
[EventDate "2019.07.18"]
[EventType "swiss"]
[EventCountry "HUN"]
[SourceTitle "playchess.com"]
[Source "ChessBase"]
[SourceQuality "1"]
[TimeControl "1200+5"]

1. e4 {[%emt 0:00:03]} g6 {[%emt 0:00:22]} 2. d4 {[%emt 0:00:03]} Bg7 {[%emt 0:00:02]} 3. Nc3 {[%emt 0:00:06]} a6 {[%emt 0:00:04]} 4. Be3 {[%emt 0:00:26]} b5 {[%emt 0:00:05]} 5. Qd2 {[%emt 0:01:14]} d6 {[%emt 0:00:09]} 6. h3 {[%emt 0:00:36]} Bb7 {[%emt 0:00:07]} 7. O-O-O {[%emt 0:01:04]} Nd7 {[%emt 0:00:17]} 8. f4 {[%emt 0:01:50]} b4 {[%emt 0:01:49]} 9. Nce2 {[%emt 0:00:47]} Bxe4 {[%emt 0:00:12]} 10. Qxb4 {[%emt 0:00:03]} Rb8 {[%emt 0:00:26]} 11. Qa4 {[%emt 0:00:01]} Ngf6 {[%emt 0:00:25]} 12. Nc3 {[%emt 0:00:24]} Bb7 {[%emt 0:00:04]} 13. Nf3 {[%emt 0:02:05]} O-O {[%emt 0:00:06]} 14. f5 {[%emt 0:01:54]} gxf5 {[%emt 0:00:10]} 15. Bd3 {[%emt 0:00:25]} e6 {[%emt 0:01:20]} 16. Rdf1 {[%emt 0:00:30]} c5 {[%emt 0:00:32]} 17. g4 {[%emt 0:00:24]} Nb6 {[%emt 0:01:04]} 18. Qa3 {[%emt 0:01:57]} c4 {[%emt 0:01:20]} 19. Be2 {[%emt 0:00:02]} fxg4 {[%emt 0:01:21]} 20. hxg4 {[%emt 0:00:02]} Nxg4 {[%emt 0:00:18]} 21. Bg5 {[%emt 0:00:32]} Qd7 {[%emt 0:00:25]} 22. Rh4 {[%emt 0:00:41]} f5 {[%emt 0:00:07]} 23. Bf4 {[%emt 0:00:49]} e5 {[%emt 0:01:11]} 24. dxe5 {[%emt 0:01:22]} dxe5 {[%emt 0:00:30]} 25. Rd1 {[%emt 0:00:03]} Qe8 {[%emt 0:01:03]} 26. Bd2 {[%emt 0:01:23]} e4 {[%emt 0:01:42]} 27. Ng5 {[%emt 0:00:50]} e3 {[%emt 0:00:17]} 28. Be1 {[%emt 0:00:01]} h6 {[%emt 0:00:33]} 29. Nf3 {[%emt 0:00:15]} Rf6 {[%emt 0:01:29]} 30. Bg3 {[%emt 0:00:30]} Rd8 {[%emt 0:00:15]} 31. Bc7 {[%emt 0:00:19]} Rxd1+ {[%emt 0:00:08]} 32. Bxd1 {[%emt 0:00:01]} e2 {[%emt 0:00:19]} 33. Nxe2 {[%emt 0:00:35]} Qe3+ {[%emt 0:01:12]} 34. Qxe3 {[%emt 0:00:09]} Nxe3 {[%emt 0:00:02]} 35. Ne5 {[%emt 0:00:25]} Nbd5 {[%emt 0:00:37]} 36. Bd8 {[%emt 0:00:13]} Rd6 {[%emt 0:00:08]} 0-1

[Event "HUN-ch Rapid 2019"]
[Site "Ajka"]
[Date "2019.07.19"]
[Round "1.20"]
[White "Dankhazi, Andras"]
[Black "Tamasi, Zoltan"]
[Result "1/2-1/2"]
[WhiteElo "2277"]
[BlackElo "1964"]
[Annotator "NA"]
[PlyCount "60"]
[EventDate "2019.07.18"]
[EventType "swiss"]
[EventCountry "HUN"]
[SourceTitle "playchess.com"]
[Source "ChessBase"]
[SourceQuality "1"]
[TimeControl "1200+5"]

1. d4 {[%emt 0:00:09]} d5 {[%emt 0:00:12]} 2. c4 {[%emt 0:00:02]} dxc4 {[%emt 0:00:31]} 3. e4 {[%emt 0:00:14]} e5 {[%emt 0:00:04]} 4. Nf3 {[%emt 0:00:02]} exd4 {[%emt 0:00:27]} 5. Bxc4 {[%emt 0:00:02]} Nc6 {[%emt 0:01:28]} 6. O-O {[%emt 0:00:03]} Be6 {[%emt 0:02:28]} 7. Bb5 {[%emt 0:00:01]} Bc5 {[%emt 0:00:16]} 8. b4 {[%emt 0:00:01]} Bb6 {[%emt 0:00:37]} 9. a4 {[%emt 0:00:23]} a6 {[%emt 0:00:25]} 10. Bxc6+ {[%emt 0:00:02]} bxc6 {[%emt 0:00:01]} 11. a5 {[%emt 0:00:01]} Ba7 {[%emt 0:00:01]} 12. Bb2 {[%emt 0:00:01]} c5 {[%emt 0:02:19]} 13. bxc5 {[%emt 0:00:36]} Bxc5 {[%emt 0:00:02]} 14. Nxd4 {[%emt 0:01:00]} Bxd4 {[%emt 0:01:14]} 15. Bxd4 {[%emt 0:01:44]} Nf6 {[%emt 0:01:52]} 16. Nc3 {[%emt 0:00:45]} O-O {[%emt 0:00:17]} 17. f3 {[%emt 0:04:04]} Qe7 {[%emt 0:01:37]} 18. Na4 {[%emt 0:00:40]} Rfd8 {[%emt 0:00:48]} 19. Bc5 {[%emt 0:00:09]} Qe8 {[%emt 0:00:22]} 20. Qe2 {[%emt 0:01:56]} Bb3 {[%emt 0:00:29]} 21. Nc3 {[%emt 0:00:15]} Qe5 {[%emt 0:00:06]} 22. Qe3 {[%emt 0:00:24]} Bc2 {[%emt 0:01:29]} 23. Nd5 {[%emt 0:03:15]} Nxd5 {[%emt 0:00:12]} 24. exd5 {[%emt 0:00:01]} Rxd5 {[%emt 0:00:48]} 25. Qxe5 {[%emt 0:00:14]} Rxe5 {[%emt 0:00:01]} 26. Bd4 {[%emt 0:00:28]} Rd5 {[%emt 0:00:05]} 27. Be3 {[%emt 0:00:01]} Rd7 {[%emt 0:00:56]} 28. Rfc1 {[%emt 0:00:31]} Bd3 {[%emt 0:00:43]} 29. Rd1 {[%emt 0:01:16]} Rad8 {[%emt 0:00:47]} 30. Rac1 {[%emt 0:00:50]} Bb5 {[%emt 0:00:09]} 1/2-1/2

[Event "HUN-ch Rapid 2019"]
[Site "Ajka"]
[Date "2019.07.19"]
[Round "2.1"]
[White "Almasi, Zoltan"]
[Black "Sardy, Peter"]
[Result "1-0"]
[WhiteElo "2687"]
[BlackElo "2353"]
[Annotator "TA"]
[PlyCount "73"]
[EventDate "2019.07.18"]
[EventType "swiss"]
[EventCountry "HUN"]
[SourceTitle "playchess.com"]
[Source "ChessBase"]
[SourceQuality "1"]

{[%evp 16,73,6,10,27,29,52,53,54,51,59,63,59,51,58,29,33,22,16,6,82,83,75,85,79,87,118,108,121,113,114,100,85,82,106,120,146,140,154,155,202,188,248,237,238,250,233,243,299,306,318,328,327,324,361,368,369,347,333,304]} 1. Nf3 d6 2. c4 g6 3. g3 Bg7 4. Bg2 Nf6 5. O-O O-O 6. Nc3 c5 7. d4 Nc6 8. d5 Na5 9. Nd2 Ng4 {E66: King's Indian: Fianchetto: 6...c5 7 0-0 Nc6 8 d5} (9... a6 10. Qc2 b5 11. cxb5 axb5 12. Nxb5 Ba6 13. Nc3 Nd7 14. Re1 Qb6 15. Rb1 Qb4 16. a3 Qd4 17. e3 Qd3 18. Qa4 Nc4 {0-1 (45) Khismatullin,D (2621)-Guseinov,G (2664) St Petersburg 2018}) 10. Qc2 Bf5 11. e4 Bd7 {White is slightly better.} 12. h3 Ne5 13. b3 {And now f4 would win.} b5 14. cxb5 $146 {Hoping for f4.} ({Predecessor:} 14. f4 b4 15. fxe5 bxc3 16. Nf3 e6 17. Qxc3 exd5 18. cxd5 {1-0 (24) Babos,Z (1938)-Gaal,E (2058) Hungary 2012}) 14... Qb6 $1 15. f4 (15. Kh2 $5 {[%cal Rf2f4]}) 15... Nd3 $1 16. Nc4 $1 $36 {[%cal Rc4b6][%mdl 2048] White has the initiative.} Nxc4 17. bxc4 Nxc1 (17... Nb4 $11 18. Qb2 e6) 18. Rfxc1 $16 a6 {[%cal Ra6b5] [#]} 19. a4 $1 {[%cal Ba2a4,Ba4b5][%mdl 32]} Qa5 {[#]} 20. Rab1 $1 {[%cal Ba1b1,Bb1b3,Bb3a3][%mdl 32]} Rfb8 21. Rb3 axb5 22. axb5 Qb6 23. Qb2 Ra5 24. Ra1 Rba8 25. Rba3 h5 26. h4 Bc8 27. Kh2 Bb7 28. Bh3 Bd4 (28... Qd8 $142 29. R1a2 Kf8) 29. R1a2 $18 Qd8 30. Qa1 {[%cal Ra3a5]} Rxa3 31. Rxa3 Kf8 32. Rxa8 Bxa8 33. Qa3 Bb7 34. Ne2 Bf6 35. Qa7 Qa8 36. Qxa8+ {[%mdl 64] Overworked Piece} Bxa8 37. Bc8 {Accuracy: White = 86%, Black = 38%.} 1-0

[Event "HUN-ch Rapid 2019"]
[Site "Ajka"]
[Date "2019.07.19"]
[Round "2.2"]
[White "Haszon, David"]
[Black "Balog, Imre"]
[Result "0-1"]
[WhiteElo "2279"]
[BlackElo "2566"]
[Annotator "ChessBase"]
[PlyCount "110"]
[EventDate "2019.07.18"]
[EventType "swiss"]
[EventCountry "HUN"]
[SourceTitle "playchess.com"]
[Source "ChessBase"]
[SourceQuality "1"]
[TimeControl "1200+5"]

1. e4 {[%emt 0:00:03]} e6 {[%emt 0:00:08]} 2. d4 {[%emt 0:00:05]} d5 {[%emt 0:00:03]} 3. exd5 {[%emt 0:00:21]} exd5 {[%emt 0:00:04]} 4. Bd3 {[%emt 0:00:08]} Bd6 {[%emt 0:00:40]} 5. Ne2 {[%emt 0:01:19]} Nf6 {[%emt 0:00:20]} 6. Bg5 {[%emt 0:01:13]} Bg4 {[%emt 0:00:21]} 7. Nbc3 {[%emt 0:01:23]} c6 {[%emt 0:00:05]} 8. Qd2 {[%emt 0:00:17]} Nbd7 {[%emt 0:00:35]} 9. h3 {[%emt 0:00:27]} Bxe2 {[%emt 0:00:30]} 10. Qxe2+ {[%emt 0:00:28]} Qe7 {[%emt 0:00:03]} 11. Qxe7+ {[%emt 0:00:40]} Kxe7 {[%emt 0:00:22]} 12. O-O-O {[%emt 0:00:27]} Rae8 {[%emt 0:00:55]} 13. Rde1+ {[%emt 0:01:11]} Kd8 {[%emt 0:00:01]} 14. Bf5 {[%emt 0:00:52]} Kc7 {[%emt 0:00:07]} 15. Bxd7 {[%emt 0:01:04]} Nxd7 {[%emt 0:00:02]} 16. Bd2 {[%emt 0:00:59]} Re6 {[%emt 0:00:55]} 17. Re3 {[%emt 0:00:24]} Rf6 {[%emt 0:00:33]} 18. f3 {[%emt 0:00:42]} h5 {[%emt 0:01:10]} 19. Rhe1 {[%emt 0:00:07]} Rg6 {[%emt 0:00:09]} 20. R3e2 {[%emt 0:00:28]} Rd8 {[%emt 0:00:23]} 21. Nd1 {[%emt 0:00:15]} Nf8 {[%emt 0:00:26]} 22. c3 {[%emt 0:00:39]} Ne6 {[%emt 0:00:16]} 23. b3 {[%emt 0:00:07]} Kd7 {[%emt 0:00:09]} 24. Nb2 {[%emt 0:00:07]} Ba3 {[%emt 0:01:28]} 25. Kc2 {[%emt 0:00:03]} Bxb2 {[%emt 0:00:02]} 26. Kxb2 {[%emt 0:00:02]} Re8 {[%emt 0:00:18]} 27. Kc2 {[%emt 0:00:37]} Nc7 {[%emt 0:00:17]} 28. Rxe8 {[%emt 0:00:14]} Nxe8 {[%emt 0:00:02]} 29. g4 {[%emt 0:00:23]} Rf6 {[%emt 0:00:21]} 30. f4 {[%emt 0:00:46]} hxg4 {[%emt 0:00:05]} 31. hxg4 {[%emt 0:00:02]} Rh6 {[%emt 0:00:03]} 32. c4 {[%emt 0:00:16]} Rh2 {[%emt 0:00:12]} 33. Kd3 {[%emt 0:00:18]} Nf6 {[%emt 0:00:09]} 34. cxd5 {[%emt 0:01:31]} Nxd5 {[%emt 0:00:01]} 35. a4 {[%emt 0:00:24]} Rh3+ {[%emt 0:00:36]} 36. Kc2 {[%emt 0:00:02]} Rf3 {[%emt 0:00:20]} 37. f5 {[%emt 0:00:11]} Rg3 {[%emt 0:00:36]} 38. g5 {[%emt 0:00:31]} Rf3 {[%emt 0:00:01]} 39. Rh1 {[%emt 0:00:16]} Ne7 {[%emt 0:00:01]} 40. g6 {[%emt 0:00:44]} Nxf5 {[%emt 0:00:17]} 41. gxf7 {[%emt 0:00:10]} Nxd4+ {[%emt 0:00:02]} 42. Kb2 {[%emt 0:00:28]} Rxf7 {[%emt 0:00:02]} 43. Bc3 {[%emt 0:00:03]} Nf5 {[%emt 0:00:35]} 44. Rf1 {[%emt 0:00:07]} Ke8 {[%emt 0:00:20]} 45. Re1+ {[%emt 0:00:14]} Re7 {[%emt 0:00:01]} 46. Rg1 {[%emt 0:00:07]} Kf7 {[%emt 0:00:04]} 47. b4 {[%emt 0:00:03]} g6 {[%emt 0:00:07]} 48. Kb3 {[%emt 0:00:06]} Re3 {[%emt 0:00:02]} 49. b5 {[%emt 0:00:06]} Nd4+ {[%emt 0:00:54]} 50. Kc4 {[%emt 0:00:16]} Rxc3+ {[%emt 0:00:01]} 51. Kxd4 {[%emt 0:00:03]} Ra3 {[%emt 0:00:01]} 52. bxc6 {[%emt 0:00:27]} Rxa4+ {[%emt 0:00:01]} 53. Ke5 {[%emt 0:00:04]} bxc6 {[%emt 0:00:04]} 54. Rh1 {[%emt 0:00:05]} g5 {[%emt 0:00:06]} 55. Kf5 {[%emt 0:00:04]} Ra5+ {[%emt 0:00:01]} 0-1

[Event "HUN-ch Rapid 2019"]
[Site "Ajka"]
[Date "2019.07.19"]
[Round "2.3"]
[White "Banusz, Tamas"]
[Black "Gelle, Istvan"]
[Result "1-0"]
[WhiteElo "2626"]
[BlackElo "2325"]
[Annotator "TA"]
[PlyCount "117"]
[EventDate "2019.07.18"]
[EventType "swiss"]
[EventCountry "HUN"]
[SourceTitle "playchess.com"]
[Source "ChessBase"]
[SourceQuality "1"]

{[%evp 9,117,0,29,14,47,45,41,32,50,41,31,31,39,24,64,62,72,67,93,48,67,64,77,32,54,51,101,50,101,42,49,9,14,8,52,30,105,56,72,45,81,60,83,77,79,46,108,103,115,127,130,124,127,85,103,66,73,35,97,32,138,30,79,63,133,52,83,74,90,93,575,616,536,606,589,594,725,714,704,637,572,404,568,531,546,537,512,486,495,486,514,509,467,462,1025,1027,996,972,866,652,1359,570,1458,1200,29979,29980,29980,29981,29992,29980]} 1. d4 d5 2. Nf3 c6 3. c4 Nf6 4. g3 Bf5 5. Nc3 e6 6. Nh4 {D11: Slav Defence: 3 Nf3 sidelines and 3...Nf6 4 e3 Bg4} Bg6 7. Nxg6 hxg6 8. Qd3 {White is slightly better.} Bb4 $146 ({Predecessor:} 8... Nbd7 9. Bg2 Be7 10. O-O O-O 11. Rd1 Qa5 12. b3 Rfd8 {0-1 (46) Gelfand,B (2695)-Nepomniachtchi,I (2751) Moscow 2018}) 9. Bg2 Qa5 10. O-O Nbd7 11. Bd2 Bxc3 12. Bxc3 Qa6 13. b3 Nb6 {[%cal Rd5c4]} 14. c5 {Qxa6 is the strong threat.} (14. Rfb1 {keeps more tension.} O-O 15. a4 Rac8 16. e3 Nbd7 17. Qc2) 14... Qxd3 15. exd3 Nbd7 16. Bd2 O-O 17. b4 a6 18. a4 (18. Rfe1 $16) 18... Rfe8 {[#]} (18... e5 $14) 19. Rfe1 (19. f4 $1 $16) 19... e5 $1 $14 20. dxe5 (20. Bc3 $5 {[%cal Rd4e5]}) 20... Nxe5 21. Ra3 Kf8 22. h3 Re6 (22... g5 $11 {remains equal.}) 23. Kf1 Ned7 24. Bc3 Ke7 25. Rb1 g5 26. Bd2 g4 27. Bf4 Kd8 (27... Ne5 $14) 28. Rab3 Re8 29. hxg4 Nxg4 30. d4 f5 31. f3 Ngf6 32. Kf2 Ke7 33. Bf1 {Threatens to win with Bd3.} Kf7 (33... Nf8 $1 $14) 34. R1b2 (34. Bd3 $16) 34... g6 {[#]} (34... Nf8 $1 $14) 35. Bd3 ({White should play} 35. b5 $1 $16) 35... Rh8 36. Kg2 Rh7 (36... Nh5 $14) 37. Be3 ({Better is} 37. b5 $16) 37... Ne8 38. b5 axb5 39. axb5 Ng7 $2 {[%mdl 8192]} (39... Kf6 $16 {is more resistant.}) 40. bxc6 $18 bxc6 41. Rb7 Ke8 42. Bg5 Ne6 43. Re2 Re7 44. Bxe7 Kxe7 45. Rc7 Ra4 (45... Kd8 {was called for.}) 46. Rxc6 Ndf8 47. Ba6 {Strongly threatening Bc8.} Kf7 48. Bc8 {[%cal Rc8e6]} Nxd4 49. Rc7+ Kf6 50. Re8 Ra2+ 51. Kf1 Nh7 (51... Nfe6 $142) 52. Rxh7 Nxf3 53. Re2 Ra1+ 54. Kf2 Ne5 55. Bb7 d4 56. c6 d3 {[#]} 57. Rxe5 $1 {[%mdl 64] Promotion. White mates.} Kxe5 58. c7 d2 59. Rd7 {Accuracy: White = 50%, Black = 25%.} 1-0

[Event "HUN-ch Rapid 2019"]
[Site "Ajka"]
[Date "2019.07.19"]
[Round "2.4"]
[White "Hardicsay, Peter"]
[Black "Papp, Gabor"]
[Result "0-1"]
[WhiteElo "2185"]
[BlackElo "2587"]
[Annotator "ChessBase"]
[PlyCount "136"]
[EventDate "2019.07.18"]
[EventType "swiss"]
[EventCountry "HUN"]
[SourceTitle "playchess.com"]
[Source "ChessBase"]
[SourceQuality "1"]
[TimeControl "1200+5"]

1. d4 {[%emt 0:00:01]} Nf6 {[%emt 0:00:03]} 2. Bf4 {[%emt 0:00:05]} d5 {[%emt 0:00:06]} 3. e3 {[%emt 0:00:06]} c5 {[%emt 0:00:07]} 4. Nc3 {[%emt 0:00:31]} e6 {[%emt 0:00:36]} 5. Nb5 {[%emt 0:02:21]} Na6 {[%emt 0:00:07]} 6. Nf3 {[%emt 0:00:51]} Be7 {[%emt 0:00:20]} 7. a4 {[%emt 0:00:26]} O-O {[%emt 0:00:08]} 8. Ne5 {[%emt 0:01:17]} Ne4 {[%emt 0:01:58]} 9. f3 {[%emt 0:03:15]} Nd6 {[%emt 0:00:26]} 10. Nxd6 {[%emt 0:03:49]} Bxd6 {[%emt 0:00:04]} 11. Bxa6 {[%emt 0:00:07]} Qa5+ {[%emt 0:00:42]} 12. c3 {[%emt 0:01:39]} Qxa6 {[%emt 0:00:07]} 13. Qe2 {[%emt 0:01:12]} c4 {[%emt 0:00:54]} 14. O-O {[%emt 0:00:37]} f6 {[%emt 0:03:53]} 15. Ng4 {[%emt 0:00:08]} Be7 {[%emt 0:00:07]} 16. e4 {[%emt 0:00:41]} dxe4 {[%emt 0:00:02]} 17. fxe4 {[%emt 0:00:02]} Bd7 {[%emt 0:00:01]} 18. a5 {[%emt 0:01:12]} Rae8 {[%emt 0:00:30]} 19. Kh1 {[%emt 0:00:10]} Bd8 {[%emt 0:00:27]} 20. Ne3 {[%emt 0:00:28]} Bb5 {[%emt 0:00:17]} 21. Nc2 {[%emt 0:00:24]} Qc6 {[%emt 0:00:27]} 22. e5 {[%emt 0:00:33]} Qd7 {[%emt 0:00:33]} 23. exf6 {[%emt 0:00:09]} gxf6 {[%emt 0:00:11]} 24. Bh6 {[%emt 0:00:14]} Rf7 {[%emt 0:00:01]} 25. Rf3 {[%emt 0:00:11]} Kh8 {[%emt 0:00:08]} 26. Raf1 {[%emt 0:00:23]} Rg8 {[%emt 0:00:17]} 27. Qf2 {[%emt 0:00:15]} Rg6 {[%emt 0:00:27]} 28. Bc1 {[%emt 0:00:07]} Bc6 {[%emt 0:00:13]} 29. Rg3 {[%emt 0:00:05]} Rxg3 {[%emt 0:00:03]} 30. hxg3 {[%emt 0:00:05]} Be4 {[%emt 0:00:32]} 31. Ne3 {[%emt 0:00:06]} Bd3 {[%emt 0:00:01]} 32. Re1 {[%emt 0:00:01]} Bxa5 {[%emt 0:01:07]} 33. Nf1 {[%emt 0:00:05]} Qd5 {[%emt 0:00:15]} 34. Kg1 {[%emt 0:00:08]} Bc7 {[%emt 0:00:10]} 35. Bf4 {[%emt 0:00:16]} e5 {[%emt 0:00:14]} 36. Be3 {[%emt 0:00:05]} a5 {[%emt 0:01:01]} 37. Nh2 {[%emt 0:00:11]} Qd7 {[%emt 0:00:17]} 38. Nf3 {[%emt 0:00:12]} Qf5 {[%emt 0:00:12]} 39. Nh4 {[%emt 0:00:06]} Qxf2+ {[%emt 0:00:04]} 40. Kxf2 b5 {[%emt 0:00:08]} 41. Ra1 {[%emt 0:00:09]} Kg7 {[%emt 0:00:06]} 42. g4 {[%emt 0:00:04]} Rd7 {[%emt 0:00:36]} 43. Nf5+ {[%emt 0:00:10]} Kf7 {[%emt 0:00:13]} 44. Rh1 {[%emt 0:00:02]} Ke6 {[%emt 0:00:03]} 45. Rh5 {[%emt 0:00:08]} b4 {[%emt 0:00:07]} 46. dxe5 {[%emt 0:00:05]} Bxe5 {[%emt 0:00:07]} 47. Nd4+ {[%emt 0:00:05]} Kd5 {[%emt 0:00:12]} 48. g5 {[%emt 0:00:06]} bxc3 {[%emt 0:00:07]} 49. bxc3 {[%emt 0:00:01]} Bg6 {[%emt 0:00:09]} 50. Rh1 {[%emt 0:00:04]} fxg5 {[%emt 0:00:07]} 51. Bxg5 {[%emt 0:00:11]} a4 {[%emt 0:00:04]} 52. Rd1 {[%emt 0:00:05]} Bd3 {[%emt 0:00:04]} 53. Be3 {[%emt 0:00:03]} Rf7+ {[%emt 0:00:05]} 54. Kg1 {[%emt 0:00:04]} Rf6 {[%emt 0:00:04]} 55. Ra1 {[%emt 0:00:03]} Ra6 {[%emt 0:00:02]} 56. Ra3 {[%emt 0:00:04]} Bd6 {[%emt 0:00:01]} 57. Ra1 {[%emt 0:00:02]} a3 {[%emt 0:00:01]} 58. Nf3 {[%emt 0:00:02]} a2 {[%emt 0:00:05]} 59. Kf2 {[%emt 0:00:05]} Bc2 {[%emt 0:00:21]} 60. Nd4 {[%emt 0:00:07]} Bb3 {[%emt 0:00:04]} 61. Ke2 {[%emt 0:00:03]} Ba3 {[%emt 0:00:11]} 62. Rh1 {[%emt 0:00:04]} Rg6 {[%emt 0:00:31]} 63. Rh5+ {[%emt 0:00:02]} Kd6 {[%emt 0:00:01]} 64. Nb5+ {[%emt 0:00:01]} Kc6 {[%emt 0:00:24]} 65. Nd4+ {[%emt 0:00:08]} Kd7 {[%emt 0:00:09]} 66. Rxh7+ {[%emt 0:00:05]} Ke8 {[%emt 0:00:11]} 67. Rh1 {[%emt 0:00:11]} Bb2 {[%emt 0:00:25]} 68. Rh8+ {[%emt 0:00:19]} Kf7 {[%emt 0:00:02]} 0-1

[Event "HUN-ch Rapid 2019"]
[Site "Ajka"]
[Date "2019.07.19"]
[Round "2.5"]
[White "Hera, Imre Jr."]
[Black "Varga, Klara"]
[Result "1-0"]
[WhiteElo "2610"]
[BlackElo "2146"]
[Annotator "TA"]
[PlyCount "49"]
[EventDate "2019.07.18"]
[EventType "swiss"]
[EventCountry "HUN"]
[SourceTitle "playchess.com"]
[Source "ChessBase"]
[SourceQuality "1"]

{[%evp 16,49,96,89,91,98,75,77,152,154,354,323,359,320,325,295,383,376,475,449,484,488,568,551,658,666,910,903,880,877,893,763,1141,1155,29993,29994]} 1. Nf3 Nf6 2. g3 d5 3. Bg2 Bg4 4. c4 c6 5. Ne5 Bf5 6. cxd5 cxd5 7. Nc3 e6 8. g4 Bg6 {[#]} 9. h4 $1 {[%cal Rh4h5] aiming for h5.} h6 {A11: English Opening: 1...c6} (9... Bd6 10. d4 Ne4 11. Qa4+ Kf8 12. Nxe4 Bxe4 13. f3 Bg6 14. h5 f6 15. hxg6 fxe5 16. dxe5 Bxe5 17. f4 Bd6 18. f5 exf5 19. gxf5 Bg3+ 20. Kd1 h5 21. Qb3 Be5 22. Qxb7 Nd7 23. Bg5 Qe8 24. Qb4+ {1-0 (24) Suarez Garcia,C (2462)-Cifuentes Parada,R (2474) Linares 2017}) 10. Nxg6 fxg6 11. d4 Nxg4 $146 (11... Nc6 $142) ({Predecessor:} 11... Nc6 12. Qd3 Kf7 13. g5 Nb4 14. Qd1 hxg5 15. hxg5 Rxh1+ 16. Bxh1 Nd7 17. a3 {1-0 (41) Mammadova,N (2230)-Ramirez,M (2104) Baku 2016}) 12. e4 $16 {[%mdl 64] Discovered Attack} Nxf2 $2 (12... Nf6 $16 {might work better.}) 13. Kxf2 $18 Be7 14. Qg4 O-O+ 15. Ke2 Kh7 16. exd5 h5 17. Qxe6 Rf6 18. Qe4 Qf8 19. Bg5 Rf2+ 20. Kd3 Bd6 21. Rhf1 Na6 22. a3 Rc8 23. Be3 Rxf1 24. Rxf1 Qd8 {[#]} 25. Qxg6+ $1 {[%mdl 576] Double Attack. Accuracy: White = 85%, Black = 24%.} 1-0